<?xml version="1.0" encoding="UTF-8"?>
<record
    xmlns:xsi="http://www.w3.org/2001/XMLSchema-instance"
    xsi:schemaLocation="http://www.loc.gov/MARC21/slim http://www.loc.gov/standards/marcxml/schema/MARC21slim.xsd"
    xmlns="http://www.loc.gov/MARC21/slim">

  <leader>01100nam2a22002891  4500</leader>
  <controlfield tag="001">RU\NLR\A1SV\89582</controlfield>
  <controlfield tag="005">20251203152403.2</controlfield>
  <datafield tag="035" ind1=" " ind2=" ">
    <subfield code="a">(NLR Aleph) 009770950</subfield>
  </datafield>
  <datafield tag="090" ind1=" " ind2=" ">
    <subfield code="a">13484513</subfield>
    <subfield code="c">13484513</subfield>
  </datafield>
  <datafield tag="100" ind1=" " ind2=" ">
    <subfield code="a">20080828d1921    u  y0rusy50      ca</subfield>
  </datafield>
  <datafield tag="101" ind1="0" ind2=" ">
    <subfield code="a">rus</subfield>
  </datafield>
  <datafield tag="200" ind1="0" ind2=" ">
    <subfield code="a">&#x421;&#x431;.1</subfield>
  </datafield>
  <datafield tag="215" ind1=" " ind2=" ">
    <subfield code="a">46 &#x441;.</subfield>
  </datafield>
  <datafield tag="327" ind1="0" ind2=" ">
    <subfield code="a">&#x410;&#x432;&#x442;.: &#x410;&#x43B;&#x442;&#x430;&#x439;&#x441;&#x43A;&#x438;&#x439;, &#x41A;., &#x410;.&#x427;., &#x415;&#x432;&#x433;&#x435;&#x43D;&#x44C;&#x435;&#x432;, &#x411;., &#x417;&#x430;&#x442;&#x43E;&#x43D;&#x43E;&#x432;-&#x41A;&#x430;&#x43C;&#x435;&#x43D;&#x441;&#x43A;&#x438;&#x439;, &#x41A;., &#x41E;&#x43F;&#x430;&#x43B;&#x43E;&#x432;, &#x41A;., &#x41F;&#x43E;&#x434;&#x432;&#x430;&#x43B;&#x44C;&#x441;&#x43A;&#x438;&#x439;, &#x424;.</subfield>
  </datafield>
  <datafield tag="461" ind1=" " ind2="1">
    <subfield code="1">001RU\NLR\A1SV\89581</subfield>
    <subfield code="1">2000#$a&#x417;&#x435;&#x43B;&#x435;&#x43D;&#x44B;&#x435; &#x43F;&#x43E;&#x431;&#x435;&#x433;&#x438;$e&#x421;&#x431;. &#x441;&#x442;&#x438;&#x445;&#x43E;&#x432;$v&#x421;&#x431;.1</subfield>
    <subfield code="9">10055564</subfield>
    <subfield code="c">&#x421;&#x44B;&#x437;&#x440;&#x430;&#x43D;&#x44C;</subfield>
    <subfield code="d">1921</subfield>
    <subfield code="n">&#x421;&#x44B;&#x437;&#x440;&#x430;&#x43D;. &#x43F;&#x43E;&#x434;&#x43E;&#x442;&#x434;. &#x421;&#x438;&#x43C;&#x431;&#x438;&#x440;. &#x433;&#x43E;&#x441;. &#x438;&#x437;&#x434;.</subfield>
    <subfield code="o">&#x421;&#x431;. &#x441;&#x442;&#x438;&#x445;&#x43E;&#x432;</subfield>
    <subfield code="t">&#x417;&#x435;&#x43B;&#x435;&#x43D;&#x44B;&#x435; &#x43F;&#x43E;&#x431;&#x435;&#x433;&#x438;</subfield>
    <subfield code="v">&#x421;&#x431;.1</subfield>
  </datafield>
  <datafield tag="702" ind1=" " ind2="1">
    <subfield code="a">&#x410;&#x43B;&#x442;&#x430;&#x439;&#x441;&#x43A;&#x438;&#x439;</subfield>
    <subfield code="b">&#x41A;.</subfield>
    <subfield code="f">1902-1978</subfield>
    <subfield code="g">&#x41A;&#x43E;&#x43D;&#x441;&#x442;&#x430;&#x43D;&#x442;&#x438;&#x43D;</subfield>
  </datafield>
  <datafield tag="702" ind1=" " ind2="0">
    <subfield code="a">&#x410;.&#x427;.</subfield>
  </datafield>
  <datafield tag="702" ind1=" " ind2="1">
    <subfield code="a">&#x415;&#x432;&#x433;&#x435;&#x43D;&#x44C;&#x435;&#x432;</subfield>
    <subfield code="b">&#x411;.</subfield>
  </datafield>
  <datafield tag="702" ind1=" " ind2="1">
    <subfield code="a">&#x417;&#x430;&#x442;&#x43E;&#x43D;&#x43E;&#x432;-&#x41A;&#x430;&#x43C;&#x435;&#x43D;&#x441;&#x43A;&#x438;&#x439;</subfield>
    <subfield code="b">&#x41A;.</subfield>
  </datafield>
  <datafield tag="702" ind1=" " ind2="1">
    <subfield code="a">&#x41E;&#x43F;&#x430;&#x43B;&#x43E;&#x432;</subfield>
    <subfield code="b">&#x41A;.</subfield>
  </datafield>
  <datafield tag="702" ind1=" " ind2="1">
    <subfield code="a">&#x41F;&#x43E;&#x434;&#x432;&#x430;&#x43B;&#x44C;&#x441;&#x43A;&#x438;&#x439;</subfield>
    <subfield code="b">&#x424;.</subfield>
  </datafield>
  <datafield tag="801" ind1=" " ind2="0">
    <subfield code="a">RU</subfield>
    <subfield code="b">NLR</subfield>
    <subfield code="c">20080828</subfield>
  </datafield>
  <datafield tag="852" ind1=" " ind2=" ">
    <subfield code="a">NLR</subfield>
  </datafield>
  <datafield tag="942" ind1=" " ind2=" ">
    <subfield code="c">BOOK</subfield>
  </datafield>
  <datafield tag="980" ind1=" " ind2=" ">
    <subfield code="a">A1SV</subfield>
  </datafield>
  <datafield tag="980" ind1=" " ind2=" ">
    <subfield code="a">NB</subfield>
  </datafield>
</record>
